000 00604nam a2200181 a 4500
001 000035534
005 20200930074420.0
008 111103s1999 sp 000 0 spa d
020 _a8401013666
040 _aDO-SdBNP
_bspa
_cBNPHU
082 _axxxx
_bM539f
100 1 _aMendoza, Plinio Apuleyo
_961424
245 1 0 _aFabricantes de miseria /
_cPlinio Apuleyo Mendoza, Carlos Alberto Montaner, Alvaro Vargas Llosa.
260 _aBarcelona,España :
_bPlaza & Janés Editores,
_c1999.
300 _a316 p. ;
_c22 cm.
700 1 _aMontaner, Carlos Alberto
_961425
700 1 _aVargas Llosa, Alvaro
_961426
999 _c35025
_d35025